[Event "Turkish Cup 2022"]
[Site "Sakarya"]
[Date "2022.03.30"]
[Round "8.29"]
[White "Ibik, Halit Yavuz"]
[Black "Oktem, Ege Tuna"]
[Result "1-0"]
[WhiteElo "1996"]
[BlackElo "1614"]
[Annotator "TA"]
[PlyCount "93"]
[EventDate "2022.03.25"]
[EventType "swiss"]
[EventCountry "TUR"]
[SourceTitle "playchess.com"]
[Source "ChessBase"]
[SourceQuality "1"]

{[%evp 10,93,0,-21,-14,-14,-13,-14,0,0,69,28,50,44,77,62,203,196,405,374,452,487,482,447,613,575,822,792,729,383,845,858,816,717,1083,1063,1153,370,381,327,327,326,502,309,308,289,302,286,358,358,350,348,350,307,346,335,361,352,358,356,356,357,396,388,397,360,407,371,368,353,388,387,483,469,502,514,499,483,547,545,612,577,629,627,601,566]} 1. e4 e6 2. d4 d5 3. Nc3 Nf6 4. exd5 exd5 5. Bg5 Be7 6. Qd2 O-O {C01: French: Exchange Variation.} 7. O-O-O c6 8. Bd3 Nbd7 {[#] The position is equal.} 9. Re1 $146 ({Predecessor:} 9. Nf3 a5 10. Rhe1 a4 11. a3 b5 12. Ne5 Nxe5 13. dxe5 Nd7 14. Bxe7 Qxe7 15. f4 {0-1 (48) Gorbatov,A (2361)-Volkov,S (2577) Moscow 2012}) 9... Bd6 (9... b5 $11) 10. Nf3 (10. Nge2 $1 $14 {might be stronger.}) 10... Qc7 11. Kb1 a5 {[#]} 12. Nh4 $1 {White is more active.} b5 (12... Re8 $14) 13. Nf5 $18 Bb4 {[#]} (13... b4) 14. Nxg7 $1 {[%mdl 512]} Ne4 (14... Kxg7 15. Bxf6+ Nxf6 16. Qg5+ Kh8 17. Qxf6+ Kg8 18. Re3 Qf4 19. Qxf4) (14... Kh8 15. Nf5) 15. Bxe4 dxe4 16. Bh6 {[%cal Og7e8] Hoping for Ne8!} (16. Nf5 f6 17. Bf4 Qd8 $18) 16... Qd8 {Prevents Ne8.} 17. Nh5 {Threatens to win with Qf4.} Re8 18. Qf4 {Qg3+ would kill now.} Re6 19. Rxe4 Bd6 $2 (19... Rg6 20. Rhe1 Bb7) 20. Qe3 Nf8 21. Rxe6 Bxe6 22. Ne4 {Nef6+ is the strong threat.} Be7 {Prevents Nef6+.} 23. Nf4 $2 (23. d5) 23... Bd5 24. h4 Bxe4 25. Qxe4 Bf6 (25... Qd6 $142 26. g3 Re8) 26. Bxf8 Qxf8 27. Nh5 ({Resist} 27. Qxc6 Bxd4 28. Nd5 (28. Qxb5 Bxb2 29. Rh3 Bg7 $14) 28... b4 $18) 27... Qd6 28. Re1 {[%cal Oe4e8] Strongly threatening Qe8+!} h6 29. Qg4+ Kf8 30. c3 b4 31. Qf5 Bh8 32. Qh7 {[%cal Rh7h8]} Qg6+ 33. Qxg6 fxg6 {[%mdl 4096] Endgame KRB-KRN} 34. Nf4 Kf7 35. Nd3 bxc3 36. bxc3 Rc8 37. Ne5+ Kg7 38. Nd7 Kf7 39. Kc2 Rc7 40. Ne5+ Kg7 41. Kd3 {White is clearly winning.} Kh7 42. Kc4 Bf6 43. g3 Be7 44. Nd3 Bf8 45. Re6 g5 46. hxg5 hxg5 47. Re5 {[%csl LRa5,LRg5] Black did not feel at home in the position after the opening.  Weighted Error Value: White=0.32/Black=0.47} 1-0

[Event "Turkish Cup 2022"]
[Site "Sakarya"]
[Date "2022.03.30"]
[Round "8.31"]
[White "Avsar, Gediz"]
[Black "Isbilir, Okan"]
[Result "0-1"]
[WhiteElo "1506"]
[BlackElo "1915"]
[Annotator "TA"]
[PlyCount "86"]
[EventDate "2022.03.25"]
[EventType "swiss"]
[EventCountry "TUR"]
[SourceTitle "playchess.com"]
[Source "ChessBase"]
[SourceQuality "1"]

{[%evp 9,86,0,7,0,-1,-38,3,-33,-40,-72,-73,-81,-79,-66,-67,-82,-74,-121,-37,-48,-40,-53,-43,-42,4,-52,-53,-60,-37,-55,-39,-65,-49,-73,-62,-89,-60,-79,-76,-62,-66,-63,-49,-89,-74,-772,-772,-755,-743,-674,-108,-186,-79,-188,-165,-205,-193,-378,0,-114,0,-184,0,0,45,-329,-362,-327,-373,-397,-374,-29987,-29988,-29988,-1458,-29996,-29997,-29997,-29997]} 1. e4 c5 2. Nc3 e6 3. f4 d5 4. Nf3 d4 5. Bb5+ Bd7 6. Bxd7+ $1 {B23: Closed Sicilian: Lines without g3.} Qxd7 7. Ne2 d3 (7... Nc6 $15) 8. Nc3 {The position is equal.} Nc6 {[#]} 9. a3 $146 ({Predecessor:} 9. O-O Nf6 10. f5 dxc2 11. Qxc2 Nd4 12. Nxd4 cxd4 13. e5 d3 14. Qb3 Ng4 15. fxe6 fxe6 {0-1 (41) Sankalp,M (1947)-Hamitevici,V (2182) Chalkidiki 2003}) 9... Bd6 10. e5 Be7 11. O-O Nh6 12. Ne4 Nf5 13. c3 (13. cxd3 $142 Qxd3 14. Nf2) 13... h5 (13... Qd5 $17 14. Re1 c4) 14. b4 c4 15. a4 a6 16. Bb2 Rd8 (16... Qd5 $15 {deserves consideration.} 17. Qe1 h4) 17. b5 (17. Qe1 $11) 17... Na5 $15 18. Ba3 Nb3 19. Bxe7 Kxe7 20. bxa6 bxa6 21. Ra3 Qd5 22. Nf2 Rb8 $36 {[%mdl 2048] White is under pressure.} 23. Qe1 Nc5 24. Ra2 a5 25. Ng5 Rb7 {Active counter play!} 26. Nge4 h4 {[%cal Oh4h3]} 27. g3 $2 {[%mdl 8192]} (27. Nxc5 $17 Qxc5 28. Qd1) 27... hxg3 $19 28. hxg3 Rbb8 {[%cal Og7g5]} 29. g4 {[#]} Nh4 $2 (29... Rh4 $1 $19 {White must now prevent ...Nxe4.} 30. Nxc5 (30. gxf5 $2 Nxe4 31. Nxe4 Rg4+ 32. Qg3 exf5 $19) 30... Qxc5) 30. Qe3 $17 Nb3 (30... Nd7 $1 $19 {and Black stays clearly on top. aiming for ...f5.} 31. Qg3 f6 32. exf6+ gxf6) 31. Qg3 (31. Re1 $17 {was worth a try.}) 31... f5 32. exf6+ gxf6 33. f5 $2 (33. Re1 {was the only chance.}) 33... e5 $2 ({And not} 33... Qe5 34. Qxe5 Nf3+ 35. Kg2 Nxe5 36. g5 fxg5 37. f6+ Kd7 38. Re1 $17) (33... exf5 $19 34. Re1 (34. Qc7+ $2 Qd7 $19) 34... Qe5 35. gxf5 Rhg8) 34. Re1 (34. Qe3 $11 {remains equal.}) 34... Rbg8 (34... Nc5 $1 $17 {[%cal Rc5e4] Strongly threatening ...Nxe4.} 35. Raa1 Qc6) 35. g5 $2 (35. Kf1 $1 $11) 35... fxg5 $2 (35... Nxf5 $19 36. Qf3 Qe6) 36. f6+ Kf8 (36... Kd8 $11 {feels stronger.} 37. Qg4 Kc7) 37. Qe3 $2 {[%mdl 8192]} (37. Qg4 $14 {stays ahead.}) 37... Rh7 $19 38. Ng4 {[#]} Rgh8 $1 39. Kf2 Qe6 {Inhibits Qb6. ( -> ...Qf5+). Chess con chili.} 40. Rg1 $2 (40. Nxg5 $19 Qxg4 41. Nxh7+ Rxh7 42. Qe4 Qf5+ 43. Qxf5 Nxf5 44. Rxe5) 40... Qf5+ 41. Kg3 {[#]} Nf3 $1 {[%mdl 512]} 42. Rf1 (42. Nd6 Rh3+) 42... Rh3+ 43. Kf2 Qxg4 {Weighted Error Value: White=1.01/Black=0.64} 0-1

[Event "Turkish Cup 2022"]
[Site "Sakarya"]
[Date "2022.03.30"]
[Round "8.32"]
[White "Colak, Tugay"]
[Black "Kilic, Cihan"]
[Result "1/2-1/2"]
[WhiteElo "1701"]
[BlackElo "1874"]
[Annotator "NA"]
[PlyCount "139"]
[EventDate "2022.03.25"]
[EventType "swiss"]
[EventCountry "TUR"]
[SourceTitle "playchess.com"]
[Source "ChessBase"]
[SourceQuality "1"]
[TimeControl "5400+30"]

1. d4 {[%emt 0:01:00]} Nf6 {[%emt 0:07:00]} 2. Bg5 {[%emt 0:00:30]} d5 {[%emt 0:00:00]} 3. Bxf6 {[%emt 0:00:30]} gxf6 {[%emt 0:00:00]} 4. e3 {[%emt 0:00:30]} c5 {[%emt 0:05:30]} 5. Nf3 {[%emt 0:12:30]} Nc6 {[%emt 0:01:30]} 6. c4 {[%emt 0:05:30]} dxc4 {[%emt 0:04:30]} 7. Bxc4 {[%emt 0:02:30]} Bg7 {[%emt 0:04:30]} 8. Nc3 {[%emt 0:09:30]} O-O {[%emt 0:10:30]} 9. d5 {[%emt 0:14:30]} Ne5 {[%emt 0:03:30]} 10. Nxe5 {[%emt 0:00:30]} fxe5 {[%emt 0:00:00]} 11. Qh5 {[%emt 0:00:30]} a6 {[%emt 0:03:00]} 12. a4 {[%emt 0:09:30]} Qb6 {[%emt 0:02:30]} 13. Rb1 {[%emt 0:09:30]} Qb4 {[%emt 0:01:30]} 14. Qe2 {[%emt 0:02:30]} Bd7 {[%emt 0:02:30]} 15. O-O {[%emt 0:00:30]} Bxa4 {[%emt 0:01:30]} 16. Nxa4 {[%emt 0:09:36]} Qxa4 {[%emt 0:00:30]} 17. b3 {[%emt 0:00:00]} Qd7 {[%emt 0:01:30]} 18. e4 {[%emt 0:04:11]} b5 {[%emt 0:03:30]} 19. Bd3 {[%emt 0:00:03]} e6 {[%emt 0:01:30]} 20. dxe6 {[%emt 0:04:21]} Qxe6 {[%emt 0:00:30]} 21. f4 {[%emt 0:04:10]} Rad8 {[%emt 0:05:30]} 22. f5 {[%emt 0:01:01]} Qf6 {[%emt 0:01:30]} 23. Rbc1 {[%emt 0:01:03]} Rd4 {[%emt 0:03:30]} 24. Rxc5 {[%emt 0:03:45]} Rfd8 {[%emt 0:01:30]} 25. Rd5 {[%emt 0:00:35]} R8xd5 {[%emt 0:02:30]} 26. exd5 {[%emt 0:00:30]} Rxd5 {[%emt 0:00:00]} 27. Rc1 {[%emt 0:02:21]} Qh4 {[%emt 0:05:00]} 28. Rc8+ {[%emt 0:00:18]} Bf8 {[%emt 0:00:30]} 29. g3 {[%emt 0:01:20]} Qd4+ {[%emt 0:08:30]} 30. Kg2 {[%emt 0:00:05]} Rd8 {[%emt 0:00:30]} 31. Rxd8 {[%emt 0:01:58]} Qxd8 {[%emt 0:00:30]} 32. Qg4+ {[%emt 0:00:30]} Kh8 {[%emt 0:00:30]} 33. f6 {[%emt 0:00:30]} Qxf6 {[%emt 0:00:30]} 34. Qe4 {[%emt 0:00:30]} Qg7 {[%emt 0:00:30]} 35. Qb7 {[%emt 0:00:00]} Qf6 {[%emt 0:07:29]} 36. Qe4 {[%emt 0:00:00]} Qg7 {[%emt 0:00:25]} 37. Qb7 {[%emt 0:00:00]} f5 {[%emt 0:01:35]} 38. Qxa6 {[%emt 0:00:10]} e4 {[%emt 0:00:38]} 39. Bxb5 {[%emt 0:01:09]} f4 {[%emt 0:00:40]} 40. Be2 {[%emt 0:01:04]} f3+ {[%emt 0:03:36]} 41. Bxf3 {[%emt 0:00:04]} exf3+ {[%emt 0:00:29]} 42. Kxf3 {[%emt 0:00:02]} Qf7+ {[%emt 0:00:23]} 43. Kg2 {[%emt 0:00:18]} Qxb3 {[%emt 0:01:40]} 44. Qf6+ {[%emt 0:00:30]} Bg7 {[%emt 0:00:00]} 45. Qd8+ {[%emt 0:00:18]} Qg8 {[%emt 0:00:10]} 46. Qxg8+ {[%emt 0:00:00]} Kxg8 {[%emt 0:00:00]} 47. Kf3 {[%emt 0:00:29]} Kf7 {[%emt 0:00:04]} 48. Kf4 {[%emt 0:01:15]} Kg6 {[%emt 0:01:04]} 49. h4 {[%emt 0:00:11]} Kh5 {[%emt 0:01:43]} 50. Kf3 {[%emt 0:00:33]} Bh6 {[%emt 0:01:13]} 51. Kf2 {[%emt 0:02:35]} Kg4 {[%emt 0:00:30]} 52. Kg2 {[%emt 0:00:30]} Bg7 {[%emt 0:00:30]} 53. Kh2 {[%emt 0:00:30]} h5 {[%emt 0:00:30]} 54. Kg2 {[%emt 0:00:00]} Bd4 {[%emt 0:01:51]} 55. Kh2 {[%emt 0:00:08]} Kf3 {[%emt 0:00:00]} 56. Kh1 {[%emt 0:00:07]} Bc3 {[%emt 0:00:33]} 57. Kh2 {[%emt 0:00:37]} Bd4 {[%emt 0:00:40]} 58. Kh1 {[%emt 0:00:30]} Be3 {[%emt 0:00:30]} 59. Kh2 {[%emt 0:00:00]} Bf2 {[%emt 0:00:41]} 60. Kh1 {[%emt 0:00:43]} Bc5 {[%emt 0:00:30]} 61. Kh2 {[%emt 0:00:00]} Kg4 {[%emt 0:00:39]} 62. Kg2 {[%emt 0:00:11]} Bd6 {[%emt 0:00:30]} 63. Kh2 {[%emt 0:00:30]} Kf3 {[%emt 0:00:30]} 64. Kg1 {[%emt 0:00:30]} Bc5+ {[%emt 0:00:00]} 65. Kh2 {[%emt 0:01:38]} Kf2 {[%emt 0:00:00]} 66. Kh3 {[%emt 0:00:43]} Kf3 {[%emt 0:00:23]} 67. Kh2 {[%emt 0:00:30]} Bd4 {[%emt 0:00:00]} 68. Kh1 {[%emt 0:00:00]} Kf2 {[%emt 0:00:57]} 69. Kh2 {[%emt 0:00:00]} Kf1 {[%emt 0:00:00]} 70. Kh3 {[%emt 0:00:00]} 1/2-1/2

[Event "Turkish Cup 2022"]
[Site "Sakarya"]
[Date "2022.03.30"]
[Round "8.33"]
[White "Caputcuoglu, Zeki Berke"]
[Black "Filizci, Kivanc"]
[Result "1-0"]
[WhiteElo "2095"]
[BlackElo "1658"]
[Annotator "TA"]
[PlyCount "63"]
[EventDate "2022.03.25"]
[EventType "swiss"]
[EventCountry "TUR"]
[SourceTitle "playchess.com"]
[Source "ChessBase"]
[SourceQuality "1"]

{[%evp 16,63,55,43,79,90,88,91,86,83,108,122,139,137,139,95,101,83,94,56,82,65,155,143,170,111,130,127,156,70,177,174,213,218,242,121,178,174,326,322,549,541,558,522,1277,1154,5214,5198,1652,1183]} 1. e4 c5 2. Nf3 d6 3. d4 cxd4 4. Nxd4 a6 5. Nc3 Nf6 6. f3 e6 7. Be3 b5 8. Qd2 Be7 9. g4 $1 h6 {B80: Sicilian Scheveningen: 6 g3 and 6 Be3, including English Attack.} 10. O-O-O {White is more active.} Bb7 11. h4 {Black must now prevent Bh3.} Nc6 {White is better.} 12. Rg1 Nxd4 13. Bxd4 g5 14. hxg5 hxg5 {[#]} 15. Kb1 $146 (15. Qxg5 $142 {Qe3 is the strong threat.} b4 16. Qe3 $1) ({Predecessor:} 15. Qe3 Qc7 16. Bd3 Rg8 17. Bb6 Qc6 18. Ne2 Nd7 19. Ba5 Bf6 20. Bc3 Bxc3 21. Nxc3 {½-½ (66) Tochor,J-Folk,P (2295) Czech Republic 1995}) 15... Rc8 16. Qf2 {And now e5 would win.} Qc7 17. a3 Bc6 18. Bd3 e5 (18... Rg8 $14) 19. Be3 $16 Rg8 20. Ne2 (20. Qd2 $18) 20... d5 {[%cal Rd5e4]} 21. exd5 Nxd5 22. Be4 (22. Bc5 $16) 22... Nxe3 ({Black should play} 22... Nf4 $1 $14 23. Bb6 Qb7 24. Bxc6+ Rxc6 25. Nxf4 Qxb6 26. Qxb6 Rxb6) 23. Qxe3 $18 Bxe4 24. Qxe4 Qc4 {[#]} 25. Qf5 Qe6 {[#]} (25... Rh8 $16 {was called for.}) 26. Qd3 $1 Rd8 $2 (26... Rh8 27. Ng3 Kf8) 27. Qe4 Rxd1+ $2 (27... Rc8 28. Ng3 Qc6) 28. Rxd1 {White wants to mate with Qa8+. White is clearly winning.} f6 29. Ng3 {[%cal Be2g3,Bg3f5,Bf5e7][%mdl 32] Hoping for Nf5.} Qc4 30. Qb7 Kf7 31. Nf5 Qe6 32. Nxe7 {Weighted Error Value: White=0.18 (very precise) /Black=0.45} 1-0

[Event "Turkish Cup 2022"]
[Site "Sakarya"]
[Date "2022.03.30"]
[Round "8.35"]
[White "Surucu, Efe Mustafa"]
[Black "Demirag, Batuhan"]
[Result "0-1"]
[WhiteElo "1598"]
[BlackElo "1923"]
[Annotator "ChessBase"]
[PlyCount "78"]
[EventDate "2022.03.25"]
[EventType "swiss"]
[EventCountry "TUR"]
[SourceTitle "playchess.com"]
[Source "ChessBase"]
[SourceQuality "1"]
[TimeControl "5400+30"]

1. e4 {[%emt 0:01:00]} c5 {[%emt 0:01:00]} 2. Nf3 {[%emt 0:00:00]} Nc6 {[%emt 0:00:30]} 3. d4 {[%emt 0:00:00]} cxd4 {[%emt 0:00:30]} 4. Nxd4 {[%emt 0:00:30]} Nf6 {[%emt 0:00:30]} 5. Nc3 {[%emt 0:00:00]} e5 {[%emt 0:00:00]} 6. Ndb5 {[%emt 0:00:00]} d6 {[%emt 0:00:00]} 7. Bg5 {[%emt 0:00:30]} a6 {[%emt 0:00:00]} 8. Na3 {[%emt 0:00:00]} b5 {[%emt 0:00:00]} 9. Nd5 {[%emt 0:00:00]} Be7 {[%emt 0:00:00]} 10. Bxf6 {[%emt 0:00:00]} Bxf6 {[%emt 0:00:00]} 11. c4 {[%emt 0:00:00]} b4 {[%emt 0:00:00]} 12. Nc2 {[%emt 0:00:30]} O-O {[%emt 0:00:00]} 13. Ncxb4 {[%emt 0:04:30]} Nxb4 {[%emt 0:00:00]} 14. Nxb4 {[%emt 0:00:30]} Qb6 {[%emt 0:00:00]} 15. Nd5 {[%emt 0:09:30]} Qxb2 {[%emt 0:00:30]} 16. Bd3 {[%emt 0:00:00]} Be6 {[%emt 0:04:30]} 17. Nxf6+ {[%emt 0:21:00]} gxf6 {[%emt 0:00:30]} 18. O-O {[%emt 0:00:30]} Kg7 {[%emt 0:00:30]} 19. Qf3 {[%emt 0:00:30]} Qd2 {[%emt 0:10:30]} 20. Rfd1 {[%emt 0:03:30]} Qg5 {[%emt 0:01:30]} 21. Be2 {[%emt 0:00:30]} Rad8 {[%emt 0:01:30]} 22. Rab1 {[%emt 0:05:30]} Rb8 {[%emt 0:14:30]} 23. Rb3 {[%emt 0:05:30]} Rfd8 {[%emt 0:01:30]} 24. g3 {[%emt 0:00:00]} Rbc8 {[%emt 0:07:30]} 25. Rb6 {[%emt 0:17:00]} Bxc4 {[%emt 0:00:30]} 26. Bxc4 {[%emt 0:00:30]} Rxc4 {[%emt 0:00:30]} 27. Rdxd6 {[%emt 0:00:30]} Rxd6 {[%emt 0:00:30]} 28. Rxd6 {[%emt 0:00:00]} Ra4 {[%emt 0:01:30]} 29. a3 {[%emt 0:00:00]} Qg6 {[%emt 0:00:30]} 30. Rb6 {[%emt 0:01:30]} a5 {[%emt 0:01:30]} 31. Rb5 {[%emt 0:00:30]} h5 {[%emt 0:01:30]} 32. Kg2 {[%emt 0:09:30]} h4 {[%emt 0:01:30]} 33. h3 {[%emt 0:04:25]} hxg3 {[%emt 0:00:30]} 34. fxg3 {[%emt 0:01:13]} Rxe4 {[%emt 0:00:30]} 35. Rxa5 {[%emt 0:00:31]} Rd4 {[%emt 0:02:30]} 36. h4 {[%emt 0:00:29]} Qc2+ {[%emt 0:04:30]} 37. Kh3 {[%emt 0:00:07]} Qc8+ {[%emt 0:00:30]} 38. g4 {[%emt 0:01:06]} Qc4 {[%emt 0:00:30]} 39. Kh2 {[%emt 0:01:47]} Rd2+ {[%emt 0:00:30]} 0-1

[Event "Turkish Cup 2022"]
[Site "Sakarya"]
[Date "2022.03.30"]
[Round "8.36"]
[White "Melik, Enes"]
[Black "Kocakaplan, Emre"]
[Result "1-0"]
[WhiteElo "1592"]
[BlackElo "1846"]
[Annotator "NA"]
[PlyCount "95"]
[EventDate "2022.03.25"]
[EventType "swiss"]
[EventCountry "TUR"]
[SourceTitle "playchess.com"]
[Source "ChessBase"]
[SourceQuality "1"]
[TimeControl "5400+30"]

1. f4 {[%emt 0:01:00]} g6 {[%emt 0:01:00]} 2. Nf3 {[%emt 0:00:30]} Bg7 {[%emt 0:00:00]} 3. e4 {[%emt 0:05:30]} d5 {[%emt 0:06:00]} 4. e5 {[%emt 0:03:30]} Nh6 {[%emt 0:01:30]} 5. d4 {[%emt 0:05:30]} O-O {[%emt 0:02:30]} 6. Nc3 {[%emt 0:04:30]} b6 {[%emt 0:04:30]} 7. Be3 {[%emt 0:03:30]} f6 {[%emt 0:19:30]} 8. Qd2 {[%emt 0:06:30]} Bb7 {[%emt 0:05:30]} 9. Rg1 {[%emt 0:10:30]} Ng4 {[%emt 0:08:30]} 10. O-O-O {[%emt 0:05:30]} c5 {[%emt 0:11:30]} 11. dxc5 {[%emt 0:11:30]} bxc5 {[%emt 0:11:30]} 12. Bxc5 {[%emt 0:00:30]} fxe5 {[%emt 0:01:30]} 13. Nxe5 {[%emt 0:02:30]} Nxe5 {[%emt 0:06:19]} 14. fxe5 {[%emt 0:00:30]} Nd7 {[%emt 0:03:27]} 15. Ba3 {[%emt 0:06:30]} Nxe5 {[%emt 0:06:56]} 16. Nxd5 {[%emt 0:01:30]} Bxd5 {[%emt 0:00:35]} 17. Qxd5+ {[%emt 0:00:30]} Qxd5 {[%emt 0:00:00]} 18. Rxd5 {[%emt 0:00:00]} Bh6+ {[%emt 0:01:34]} 19. Kb1 {[%emt 0:06:00]} Rad8 {[%emt 0:01:18]} 20. Rxd8 {[%emt 0:00:30]} Rxd8 {[%emt 0:00:30]} 21. Be2 {[%emt 0:00:30]} Rd2 {[%emt 0:00:30]} 22. Re1 {[%emt 0:00:30]} e6 {[%emt 0:00:30]} 23. b3 {[%emt 0:00:30]} Rd4 {[%emt 0:05:17]} 24. Bf1 {[%emt 0:02:30]} Ng4 {[%emt 0:00:57]} 25. h3 {[%emt 0:00:00]} Ne3 {[%emt 0:00:06]} 26. Bc5 {[%emt 0:03:00]} Rd1+ {[%emt 0:00:42]} 27. Rxd1 {[%emt 0:00:30]} Nxd1 {[%emt 0:00:00]} 28. Bxa7 {[%emt 0:00:32]} Ne3 {[%emt 0:00:38]} 29. Bxe3 {[%emt 0:00:46]} Bxe3 {[%emt 0:00:01]} 30. c4 {[%emt 0:00:14]} Kf7 {[%emt 0:00:18]} 31. Kc2 {[%emt 0:00:50]} Bc5 {[%emt 0:00:30]} 32. Kc3 {[%emt 0:00:30]} e5 {[%emt 0:00:00]} 33. b4 {[%emt 0:00:13]} Bd4+ {[%emt 0:00:14]} 34. Kd3 {[%emt 0:00:30]} Ke6 {[%emt 0:00:30]} 35. Ke4 {[%emt 0:00:30]} Kd6 {[%emt 0:00:00]} 36. Kd3 {[%emt 0:02:06]} h6 {[%emt 0:00:00]} 37. Be2 {[%emt 0:00:00]} Bf2 {[%emt 0:00:00]} 38. c5+ {[%emt 0:00:43]} Kc6 {[%emt 0:00:06]} 39. a4 {[%emt 0:00:48]} e4+ {[%emt 0:00:28]} 40. Kc4 {[%emt 0:00:54]} Be1 {[%emt 0:00:30]} 41. b5+ {[%emt 0:00:30]} Kb7 {[%emt 0:00:00]} 42. Kd4 {[%emt 0:00:22]} Bf2+ {[%emt 0:00:24]} 43. Kd5 {[%emt 0:00:24]} Kc7 {[%emt 0:00:25]} 44. a5 {[%emt 0:00:37]} Be1 {[%emt 0:00:30]} 45. a6 {[%emt 0:00:30]} Bb4 {[%emt 0:00:30]} 46. b6+ {[%emt 0:00:30]} Kb8 {[%emt 0:00:00]} 47. c6 {[%emt 0:00:00]} Ba5 {[%emt 0:00:00]} 48. c7+ {[%emt 0:00:00]} 1-0

[Event "Turkish Cup 2022"]
[Site "Sakarya"]
[Date "2022.03.30"]
[Round "8.37"]
[White "Isik, Kadri"]
[Black "Gozubuyukoglu, Selami"]
[Result "0-1"]
[WhiteElo "1858"]
[BlackElo "1747"]
[Annotator "NA"]
[PlyCount "70"]
[EventDate "2022.03.25"]
[EventType "swiss"]
[EventCountry "TUR"]
[SourceTitle "playchess.com"]
[Source "ChessBase"]
[SourceQuality "1"]
[TimeControl "5400+30"]

1. e4 {[%emt 0:09:00]} e5 {[%emt 0:01:00]} 2. Nc3 {[%emt 0:00:30]} Nc6 {[%emt 0:00:30]} 3. f4 {[%emt 0:01:30]} exf4 {[%emt 0:00:30]} 4. Nf3 {[%emt 0:00:30]} g5 {[%emt 0:00:30]} 5. Bc4 {[%emt 0:00:30]} Bg7 {[%emt 0:00:30]} 6. O-O {[%emt 0:12:30]} Nd4 {[%emt 0:03:30]} 7. e5 {[%emt 0:02:30]} Nxf3+ {[%emt 0:01:30]} 8. Qxf3 {[%emt 0:00:30]} Ne7 {[%emt 0:01:30]} 9. g3 {[%emt 0:16:30]} Ng6 {[%emt 0:02:30]} 10. d4 {[%emt 0:08:30]} O-O {[%emt 0:06:30]} 11. gxf4 {[%emt 0:00:30]} gxf4 {[%emt 0:01:30]} 12. Bxf4 {[%emt 0:01:30]} d6 {[%emt 0:02:30]} 13. exd6 {[%emt 0:16:30]} cxd6 {[%emt 0:01:30]} 14. Rad1 {[%emt 0:03:30]} Be6 {[%emt 0:06:30]} 15. Bd5 {[%emt 0:04:56]} Qd7 {[%emt 0:04:30]} 16. Rd3 {[%emt 0:04:59]} Rad8 {[%emt 0:06:30]} 17. Bd2 {[%emt 0:08:42]} Qe7 {[%emt 0:02:30]} 18. Qh5 {[%emt 0:03:44]} Qd7 {[%emt 0:13:30]} 19. Bh6 {[%emt 0:01:27]} Bxh6 {[%emt 0:14:30]} 20. Qxh6 {[%emt 0:00:30]} Bxd5 {[%emt 0:00:30]} 21. Nxd5 {[%emt 0:00:30]} Qg4+ {[%emt 0:00:30]} 22. Rg3 {[%emt 0:00:30]} Qxd4+ {[%emt 0:00:30]} 23. Ne3 {[%emt 0:00:00]} Qg7 {[%emt 0:07:30]} 24. Qh5 {[%emt 0:00:06]} Rde8 {[%emt 0:05:20]} 25. Nf5 {[%emt 0:01:10]} Qxb2 {[%emt 0:01:44]} 26. Nh6+ {[%emt 0:01:07]} Kh8 {[%emt 0:01:59]} 27. Nxf7+ {[%emt 0:00:51]} Kg7 {[%emt 0:05:44]} 28. Qh6+ {[%emt 0:00:59]} Kg8 {[%emt 0:00:02]} 29. Ng5 {[%emt 0:00:19]} Rxf1+ {[%emt 0:01:34]} 30. Kxf1 {[%emt 0:00:01]} Qc1+ {[%emt 0:01:36]} 31. Kg2 {[%emt 0:00:51]} Re2+ {[%emt 0:02:38]} 32. Kf3 {[%emt 0:00:43]} Qe3+ {[%emt 0:01:31]} 33. Kg4 {[%emt 0:00:01]} Qf4+ {[%emt 0:00:25]} 34. Kh3 {[%emt 0:00:08]} Qf5+ {[%emt 0:00:56]} 35. Rg4 {[%emt 0:00:02]} Qf1+ {[%emt 0:00:04]} 0-1

[Event "Turkish Cup 2022"]
[Site "Sakarya"]
[Date "2022.03.30"]
[Round "8.38"]
[White "Celik, Ege Yigit"]
[Black "Gazioglu, Halit"]
[Result "1-0"]
[WhiteElo "1466"]
[BlackElo "1880"]
[Annotator "NA RC"]
[PlyCount "81"]
[EventDate "2022.03.25"]
[EventType "swiss"]
[EventCountry "TUR"]
[SourceTitle "playchess.com"]
[Source "ChessBase"]
[SourceQuality "1"]
[TimeControl "5400+30"]

1. c4 {[%emt 0:01:00]} Nf6 {[%emt 0:01:00]} 2. Nc3 {[%emt 0:00:00]} c6 {[%emt 0:00:30]} 3. e3 {[%emt 0:02:00]} d5 {[%emt 0:00:30]} 4. Nf3 {[%emt 0:00:30]} e6 {[%emt 0:03:30]} 5. b3 {[%emt 0:00:30]} Nbd7 {[%emt 0:00:30]} 6. Bb2 {[%emt 0:03:30]} Bd6 {[%emt 0:04:30]} 7. Be2 {[%emt 0:03:30]} O-O {[%emt 0:03:30]} 8. O-O {[%emt 0:01:30]} e5 {[%emt 0:02:30]} 9. d3 {[%emt 0:03:30]} Re8 {[%emt 0:00:30]} 10. Rc1 {[%emt 0:01:30]} a6 {[%emt 0:00:30]} 11. Re1 {[%emt 0:03:30]} Qe7 {[%emt 0:03:30]} 12. Bf1 {[%emt 0:04:30]} e4 {[%emt 0:03:30]} 13. dxe4 {[%emt 0:04:30]} dxe4 {[%emt 0:00:30]} 14. Nd4 {[%emt 0:00:00]} Ne5 {[%emt 0:02:30]} 15. Qc2 {[%emt 0:27:00]} Neg4 {[%emt 0:11:30]} 16. h3 {[%emt 0:04:30]} Bh2+ {[%emt 0:15:30]} 17. Kh1 {[%emt 0:01:30]} Bc7 {[%emt 0:01:30]} 18. hxg4 {[%emt 0:14:30]} Nxg4 {[%emt 0:00:30]} 19. g3 {[%emt 0:00:00]} Qf6 {[%emt 0:06:30]} 20. Kg1 {[%emt 0:01:00]} Qh6 {[%emt 0:04:30]} 21. Bg2 {[%emt 0:00:00]} Qh2+ {[%emt 0:03:30]} 22. Kf1 {[%emt 0:00:00]} c5 {[%emt 0:00:30]} 23. Nde2 {[%emt 0:02:30]} Bf5 {[%emt 0:05:30]} 24. Nf4 {[%emt 0:02:17]} Bxf4 {[%emt 0:01:30]} 25. gxf4 {[%emt 0:03:51]} h5 {[%emt 0:01:30]} 26. Re2 {[%emt 0:02:40]} h4 {[%emt 0:00:30]} 27. Nxe4 {[%emt 0:02:01]} h3 {[%emt 0:06:08]} 28. Bf3 {[%emt 0:00:09]} Re6 {[%emt 0:03:13]} 29. Qc3 {[%emt 0:00:32]} Rg6 {[%emt 0:00:38]} 30. Ng3 {[%emt 0:05:43]} Nf6 {[%emt 0:01:59]} 31. Rd2 {[%emt 0:03:34]} Re8 {[%emt 0:03:16]} 32. Nxf5 {[%emt 0:00:43]} Rg2 {[%emt 0:05:19]} 33. Bxg2 {[%emt 0:02:00]} hxg2+ {[%emt 0:00:30]} 34. Ke2 {[%emt 0:00:00]} Qh5+ {[%emt 0:00:54]} 35. f3 {[%emt 0:00:33]} Qxf5 {[%emt 0:01:38]} 36. Rg1 {[%emt 0:00:55]} Qh3 {[%emt 0:00:13]} 37. Kf2 {[%emt 0:00:58]} Nh5 {[%emt 0:02:26]} 38. Rxg2 {[%emt 0:01:13]} Qh4+ {[%emt 0:00:11]} 39. Ke2 {[%emt 0:00:00]} Nxf4+ {[%emt 0:01:24]} 40. Kd1 {[%emt 0:00:00]} Nh5 {[%emt 0:01:06]} 41. Rxg7+ {[%emt 0:00:16]} 1-0